| 000 | 01810nam2a2200289 4500 | ||
|---|---|---|---|
| 001 | RU\NLR\BIBL_A\011339569 | ||
| 005 | 20250626045339.0 | ||
| 035 | _a(NLR Aleph) 011339569 | ||
| 090 |
_a11184811 _c11184811 |
||
| 100 | _a20170303d2016 |||y0rusy50 ca | ||
| 101 | 0 | _arus | |
| 102 | _aRU | ||
| 200 | 1 | _aПо материалам II Международной конференции "Параллельная компьютерная алгебра и ее приложения в новых инфокоммуникационных системах" (г. Ставрополь, 24-25 октября 2016 г.) | |
| 210 |
_d2016 _aБ. м. |
||
| 313 | _aПо пред. изд.2014г | ||
| 461 | 0 |
_1001RU\NLR\INFOCOMM5\1000358475 _12001#$aНейрокомпьютеры. Разработка. Применение$eНауч.-техн. журн.$v2016, № 10 _93052883 _cМ. _d1992- _nБ. и. _oНауч.-техн. журн. _tНейрокомпьютеры. Разработка. Применение _v2016, № 10 |
|
| 606 |
_aКомпьютерная алгебра _jСъезды, совещания и т.п _92291547 _3RU\NLR\AUTH\661372379 |
||
| 606 | 1 |
_aПараллельные вычислительные системы _jСъезды, совещания и т.п _xАлгоритмы _92338248 _3RU\NLR\AUTH\661397841 |
|
| 686 | 1 | _aВ192.161с116я431(0) | |
| 686 | 1 | _aЗ973.202-018я431(0) | |
| 710 | 1 | 2 |
_a"Параллельная компьютерная алгебра и ее приложения в новых инфокоммуникационных системах", международная конференция _d2 _eСтаврополь _f2016 _9550461 _3RU\NLR\AUTH\880443248 |
| 852 |
_aNLR _jП11/3614 |
||
| 942 | _cISSUE | ||
| 980 | _aNB | ||
| 980 | _aRUSPER | ||